000 00439nam a2200169Ia 4500
008 221030s9999 xx 000 0 und d
020 _a8120303970
041 _aEnglish
082 _a105.23
_bMur
100 _aR. G. Murdick
245 0 _aInformation System for Modern Management
_cby R. G. Murdick, Ross, Joel E
260 _bPHI
_aNew Delhi
_c2000
300 _a466
650 _aBE Management
700 _aRoss, Joel E
942 _cBK
999 _c7665
_d7665